First 100 Words of Fahrenheit 451 - Statistics

General Stats
  • This quiz has been taken 68 times
  • The average score is 39 of 100
Answer Stats
Answer % Correct
a
98%
the
88%
burn.
83%
was
83%
to
81%
It
78%
he
76%
and
55%
pleasure
55%
in
53%
of
52%
on
52%
see
47%
his
43%
flame
41%
what
34%
With
34%
with
34%
burning
33%
kerosene
31%
this
29%
hands
24%
some
24%
all
22%
down
22%
thought
22%
were
22%
its
21%
world,
21%
451
19%
eaten,
19%
head,
19%
nozzle
19%
things
19%
orange
17%
blazing
16%
great
16%
brass
14%
eyes
14%
helmet
14%
ruins
14%
upon
14%
blackened
12%
changed.
12%
charcoal
12%
conductor
12%
fists,
12%
python
12%
spitting
12%
symphonies
12%
venomous
12%
amazing
10%
bring
10%
history.
10%
next,
10%
symbolic
10%
tatters
10%
blood
9%
came
9%
flicked
9%
igniter
9%
playing
9%
pounded
9%
numbered
7%
stolid
7%
No matching quizzes found
Score Distribution
Percent of People with Each Score
Percentile by Number Answered
Your Score History
You have not taken this quiz